Los nueve libros de la historia

Gespeichert in:
Bibliographische Detailangaben
1. Verfasser: Heródoto (VerfasserIn)
Format: Buch
Sprache:Spanisch
Veröffentlicht: Ciudad de México, México Porrúa 1974
Ausgabe:Segunda edición
Schriftenreihe:Sepan Cuántos, 176
Schlagworte:
Tags: Tag hinzufügen
Keine Tags, Fügen Sie den ersten Tag hinzu!

MARC

LEADER 00000cam a2200000 a 4500
001 UCQ4460
003 CL-VaPUC
005 20210602001442.0
008 980904e19740000MX |||||||||||||||||spa|d
999 |c 274835  |d 274833 
040 |c Pontificia Universidad Católica de Valparaíso 
082 0 4 |a 938 HER 1974  |2 21 
100 0 |a Heródoto  |e author  |9 337011 
245 1 4 |a Los nueve libros de la historia 
250 |a Segunda edición 
260 |a Ciudad de México, México  |b Porrúa  |c 1974 
300 |a 441 páginas 
490 0 |a Sepan Cuántos,  |v  176 
583 |a last modification  |c 20160520 09:34:51  |k Rodrigo Vera 
650 0 |a Historia antigua  |9 267521 
650 7 |a HISTORIA GRIEGA  |2 CL-VaPUC  |9 314116 
651 0 |a Grecia  |9 265314 
942 |c BK  |2 ddc 
945 |d 19980904 00:00:00  |a lriquelm 
952 |0 0  |1 0  |2 ddc  |4 0  |6 938_000000000000000_HER_1974  |7 0  |8 A  |9 311154  |a BIBEDU  |b BIBEDU  |d 2019-11-20  |i 1461761  |o 938 HER 1974  |p 1461761  |r 2019-11-20  |t 2  |w 2019-11-20  |y BK  |k LIT 
952 |0 0  |1 0  |2 ddc  |4 0  |6 938_000000000000000_HER_1974  |7 0  |8 A  |9 311155  |a BIBART  |b BIBART  |d 2019-11-20  |i 1206621  |o 938 HER 1974  |p 1206621  |r 2025-03-13  |t 1  |w 2019-11-20  |y BK  |k ART 
952 |0 0  |1 0  |2 ddc  |3 erb  |4 0  |6 938_000000000000000_HER_1974  |7 0  |8 A  |9 311156  |a FDOHBE  |b FDOHBE  |e Huesbe Llanos, Marco Antonio, 1934-  |i 5305748  |o 938 HER 1974  |p 5305748  |r 2024-01-30  |t 3  |w 2019-11-20  |y BK  |z Catalogado en:20160520  |k HBE